000
00310nam a2200109Ia 4500
005
20251222144759.0
008
251222s9999||||xx |||||||||||||| ||spa||
082
_a
361.985/I59M/T.4
245
0
_a
Perú: Mapa de Necesidades Básicas Insatisfechas de los Hogares a Nivel Distrital
264
_b
INEI
942
_c
LIB
999
_c
19639
_d
19639